[Event "AUT-chT2M 0001"]
[Site "Austria"]
[Date "2001.??.??"]
[Round "7"]
[White "Schmoll, Werner"]
[Black "Stadler, Peter"]
[Result "1/2-1/2"]
[WhiteElo "2145"]
[BlackElo "2195"]
[PlyCount "29"]
[EventDate "2000.??.??"]
[EventType "team-tourn"]
[EventRounds "9"]
[EventCountry "AUT"]
[SourceTitle "EXT 2003"]
[Source "ChessBase"]
[SourceDate "2002.11.25"]
[SourceVersion "1"]
[SourceVersionDate "2002.11.25"]
[SourceQuality "1"]

1. Nf3 Nf6 2. c4 g6 3. Nc3 d5 4. cxd5 Nxd5 5. e4 Nxc3 6. dxc3 Qxd1+ 7. Kxd1 Bg7 8. Bc4 Nd7 9. Be3 0-0 10. Ke2 b6 11. Rhd1 Nf6 12. e5 Ng4 13. e6 fxe6 14. Ng5 Nxe3 15. fxe3 1/2-1/2

[Event "AUT-chT2M 9900"]
[Site "Austria"]
[Date "2000.03.19"]
[Round "11.3"]
[White "Kilgus, Georg"]
[Black "Schmoll, Werner"]
[Result "1-0"]
[WhiteElo "2229"]
[BlackElo "2014"]
[PlyCount "76"]
[EventDate "1999.??.??"]
[EventType "team-tourn"]
[EventRounds "11"]
[EventCountry "AUT"]
[SourceTitle "EXT 2004"]
[Source "ChessBase"]
[SourceDate "2003.11.25"]
[SourceVersion "1"]
[SourceVersionDate "2003.11.25"]
[SourceQuality "1"]

1. d4 Nf6 2. c4 c5 3. d5 d6 4. Nc3 g6 5. e4 Bg7 6. h3 0-0 7. Nf3 e6 8. Bd3 exd5 9. cxd5 Re8 10. 0-0 a6 11. a4 b6 12. Re1 Nbd7 13. Bf1 Qc7 14. Bf4 Nh5 15. Bh2 Ne5 16. Nd2 Bh6 17. b3 f6 18. Nc4 Bd7 19. Ne3 Qb7 20. Ng4 Bxg4 21. hxg4 Ng7 22. f4 Nf7 23. e5 dxe5 24. g5 Bxg5 25. fxg5 Nxg5 26. Bc4 Kh8 27. Rf1 f5 28. Qe2 Nf7 29. d6 Qd7 30. Rad1 f4 31. Bxa6 Qf5 32. Bc4 Ne6 33. d7 Re7 34. Ne4 Nd4 35. Rxd4 cxd4 36. Bb5 Kg7 37. Nd2 g5 38. Rc1 Rd8 1-0

[Event "AUT-chT2M 0001"]
[Site "Austria"]
[Date "2000.??.??"]
[Round "1"]
[White "Riedel, Wolfgang"]
[Black "Schmoll, Werner"]
[Result "1-0"]
[WhiteElo "2335"]
[BlackElo "2145"]
[PlyCount "87"]
[EventDate "2000.??.??"]
[EventType "team-tourn"]
[EventRounds "9"]
[EventCountry "AUT"]
[SourceTitle "EXT 2003"]
[Source "ChessBase"]
[SourceDate "2002.11.25"]
[SourceVersion "1"]
[SourceVersionDate "2002.11.25"]
[SourceQuality "1"]

1. d4 Nf6 2. c4 c5 3. d5 d6 4. Nc3 g6 5. e4 Bg7 6. f4 0-0 7. Nf3 e6 8. dxe6 Bxe6 9. Bd3 Nc6 10. f5 Bd7 11. 0-0 Ne5 12. Nxe5 dxe5 13. Bg5 Bc6 14. Nd5 Bxd5 15. exd5 Qd6 16. Qf3 Rae8 17. Be4 Rb8 18. a4 b6 19. Rae1 a6 20. Be3 b5 21. axb5 axb5 22. b4 Nd7 23. Qf2 Rbc8 24. f6 Bh8 25. bxc5 Nxc5 26. Bxc5 Rxc5 27. cxb5 Rxb5 28. g4 h6 29. h4 Rc8 30. g5 Rb3 31. Rc1 Rcc3 32. Rxc3 Rxc3 33. Qa7 Qb4 34. Rb1 Rb3 35. Rxb3 Qxb3 36. Kg2 Qc3 37. Qf2 hxg5 38. hxg5 Qc1 39. Qg3 Qd2+ 40. Kh3 Qd4 41. Bg2 e4 42. d6 e3 43. Bf3 Qd2 44. Qe5 1-0

[Event "AUT-chT2M 0001"]
[Site "Austria"]
[Date "2000.??.??"]
[Round "2"]
[White "Schmoll, Werner"]
[Black "Harringer, Franz"]
[Result "0-1"]
[WhiteElo "2145"]
[BlackElo "2225"]
[PlyCount "66"]
[EventDate "2000.??.??"]
[EventType "team-tourn"]
[EventRounds "9"]
[EventCountry "AUT"]
[SourceTitle "EXT 2003"]
[Source "ChessBase"]
[SourceDate "2002.11.25"]
[SourceVersion "1"]
[SourceVersionDate "2002.11.25"]
[SourceQuality "1"]

1. c4 g6 2. Nc3 Bg7 3. d4 Nf6 4. e4 d6 5. Nf3 0-0 6. Be2 Nbd7 7. 0-0 e5 8. d5 a5 9. Ne1 Nc5 10. Qc2 Qe8 11. Be3 Nfd7 12. Nd3 f5 13. Nxc5 Nxc5 14. f3 Bd7 15. b3 Qe7 16. a3 a4 17. Bxc5 dxc5 18. bxa4 Qh4 19. Bd3 Bh6 20. Rfe1 Bf4 21. g3 Qg5 22. Rad1 Be3+ 23. Kg2 f4 24. Be2 fxg3 25. h4 Qxh4 26. Rh1 Qg5 27. Rd3 h5 28. Rxe3 Qxe3 29. Kxg3 h4+ 30. Kg2 h3+ 31. Kf1 Rxf3+ 32. Bxf3 Qxf3+ 33. Kg1 Qg3+ 0-1